| 000 | 00718nam a22002057a 4500 | ||
|---|---|---|---|
| 003 | OSt | ||
| 005 | 20251028025230.0 | ||
| 008 | 251028b |||||||| |||| 00| 0 eng d | ||
| 020 | _a978-621-427-282-2 | ||
| 040 |
_aDWC-Main Lib _cOC |
||
| 082 | _aFil. 613.7 C112p 2025 | ||
| 100 | _aCaban, Bryan Ray E. | ||
| 245 |
_a PATHFIT 1: _bmovement competency training _cBrya n Ray E. Caban, and Criselyn S. Sescon |
||
| 260 |
_aManila, Philippines: _bUnlimited Books Library Services & Publishing Inc., _cc2025. |
||
| 300 |
_axiv, 88 pages: _billustrations; _c23 cm. |
||
| 504 | _aIncludes bibliographical references. | ||
| 650 | _aPhysical fitness. | ||
| 700 | _aSescon, Criselyn S. | ||
| 942 |
_2ddc _cBK - FIL _kFil. _n0 |
||
| 999 |
_c5204 _d5204 |
||